Programmes of the institution's work visits (Record no. 99747)

MARC details
000 -LEADER
fixed length control field 01133cam a22002055a 4500
001 - CONTROL NUMBER
control field ##J100672
008 - FIXED-LENGTH DATA ELEMENTS--GENERAL INFORMATION
fixed length control field 000000s1903 000 0 eng u
035 ## - SYSTEM CONTROL NUMBER
System control number (Sirsi) u100672
041 0# - LANGUAGE CODE
Language code of text/sound track or separate title eng
050 04 - LIBRARY OF CONGRESS CALL NUMBER
Classification number 942.273 $2 22
110 2# - MAIN ENTRY--CORPORATE NAME
Corporate name or jurisdiction name as entry element Surveyors' Institution
9 (RLIN) 3783
245 00 - TITLE STATEMENT
Title Programmes of the institution's work visits
260 ## - PUBLICATION, DISTRIBUTION, ETC.
Place of publication, distribution, etc. [S.l.]
Name of publisher, distributor, etc. [s.n.]
Date of publication, distribution, etc. 1898-1903
300 ## - PHYSICAL DESCRIPTION
Extent 1
Type of unit v
Other physical details maps
Dimensions 23cm.
505 0# - FORMATTED CONTENTS NOTE
Formatted contents note The visit of the institution to Manchester on the 20th and 21st of April, 1898 - The visit of the institution to Bristol on the 26th and 27th of April, 1899 - The visit of the institution to Leeds on the 25th and 26th of April, 1900 - The visit of the institution to Southampton on the 30th and 31st of May, 1901 - The visit of the institution to Cambridge on the 22nd and 23rd of May, 1902 - The visit of the institution to Ireland on the 7th and 8th of May, 1903
520 ## - SUMMARY, ETC.
Summary, etc. Pamphlets containing details of list of members, general arrangements and itinerary for the Insititutions work visits carried out from 1898-1903.
651 #4 - SUBJECT ADDED ENTRY--GEOGRAPHIC NAME
Geographic name Great Britain
Chronological subdivision 1707-
690 ## - LOCAL SUBJECT ADDED ENTRY--TOPICAL TERM (OCLC, RLIN)
Topical term or geographic name as entry element RICS SERVICES-RICS EVENTS
942 ## - ADDED ENTRY ELEMENTS (KOHA)
Suppress in OPAC 0
Holdings
Withdrawn status Lost status Source of classification or shelving scheme Damaged status Not for loan Home library Current library Shelving location Date acquired Total Checkouts Full call number Barcode Date last seen Copy number Price effective from Koha item type
    Dewey Decimal Classification     Historic collection Historic collection RICS Boxes 21/10/1999   RICS 1903/3 30059299 06/08/2019 1 06/08/2019 Archive